LEADER 03677nam 2200721 a 450 001 9910789435703321 005 20200520144314.0 010 $a1-283-12053-4 010 $a9786613120533 010 $a90-04-19382-0 024 7 $a10.1163/ej.9789004193819.i-221 035 $a(CKB)2670000000093628 035 $a(EBL)717492 035 $a(OCoLC)729749464 035 $a(SSID)ssj0000502777 035 $a(PQKBManifestationID)11337212 035 $a(PQKBTitleCode)TC0000502777 035 $a(PQKBWorkID)10520976 035 $a(PQKB)10702933 035 $a(MiAaPQ)EBC717492 035 $a(OCoLC)671870261 035 $a(nllekb)BRILL9789004193826 035 $a(Au-PeEL)EBL717492 035 $a(CaPaEBR)ebr10470630 035 $a(CaONFJC)MIL312053 035 $a(PPN)170734803 035 $a(EXLCZ)992670000000093628 100 $a20101027d2011 uy 0 101 0 $aeng 135 $aur|n|---||||| 181 $ctxt 182 $cc 183 $acr 200 14$aThe legal methodology of late Nehardean sages in Sasanian Babylonia$b[electronic resource] /$fby Barak S. Cohen 210 $aLeiden ;$aBoston $cBrill$dc2011 215 $a1 online resource (233 p.) 225 1 $aBrill reference library of Judaism,$x1571-5000 ;$vv. 30 300 $aDescription based upon print version of record. 311 $a90-04-19381-2 320 $aIncludes bibliographical references and indexes. 327 $tPreliminary Material /$rB. S. Cohen -- $tChapter One. Introduction /$rB. S. Cohen -- $tChapter Two. Amemar /$rB. S. Cohen -- $tChapter Three. \'The Nehardeans Say\' /$rB. S. Cohen -- $tChapter Four. Rav Hama /$rB. S. Cohen -- $tChapter Five. Rav Zebid Of Nehardea /$rB. S. Cohen -- $tChapter Six. Rav Dimi Of Nehardea /$rB. S. Cohen -- $tBibliography /$rB. S. Cohen -- $tIndex Of Hebrew And Aramaic Terms /$rB. S. Cohen -- $tIndex Of Selected Amoraim/Saboraim /$rB. S. Cohen -- $tSubject Index /$rB. S. Cohen -- $tIndex Of Babylonian Talmud Sources /$rB. S. Cohen. 330 $aThis book consists of a systematic analysis of the halakhic/legal methodology of fourth and fifth century Nehardean amoraim in Babylonia (as well as their identity and dating). The book uncovers various distinct characteristics present in the halakhic decision making and source interpretation, and demonstrates how certain amoraim can be characterized as portraying consistent interpretive and legal approaches throughout talmudic literature. Understanding the methodological characteristics that distinguish some amoraim from other amoraim can aid the talmudic interpreter/scholar in clarifying the legal foundations of their rulings, the proofs that they bring within talmudic discourse, as well as their disputes and interpretations. This allows a better understanding of the development of Jewish Law and the legal system in talmudic Babylonia. 410 0$aBrill reference library of Judaism ;$vv. 30. 606 $aJewish law$xMethodology 606 $aJewish law$xInterpretation and construction 606 $aAmoraim 606 $aRabbis$zIraq$zBabylonia 606 $aJudaism$xHistory$yTalmudic period, 10-425 607 $aNehardea (Extinct city) 615 0$aJewish law$xMethodology. 615 0$aJewish law$xInterpretation and construction. 615 0$aAmoraim. 615 0$aRabbis 615 0$aJudaism$xHistory 676 $a296.1/20092235 700 $aCohen$b Barak S$01549381 801 0$bMiAaPQ 801 1$bMiAaPQ 801 2$bMiAaPQ 906 $aBOOK 912 $a9910789435703321 996 $aThe legal methodology of late Nehardean sages in Sasanian Babylonia$93807380 997 $aUNINA LEADER 05413oam 2200937 c 450 001 9910157639703321 005 20260302090207.0 010 $a3-8309-8551-7 024 3 $a9783830985518 035 $a(CKB)3710000001001476 035 $a(Waxmann)9783830985518 035 $a(EXLCZ)993710000001001476 100 $a20260302d2016 uy 0 101 0 $ager 135 $aurnnunnnannuu 181 $ctxt$2rdacontent 182 $cc$2rdamedia 183 $acr$2rdacarrier 200 00$aPopulare religiöse Kultur, Konflikte und Selbstvergewisserung in multiethnischen und multikonfessionellen Einwanderungsgebieten $eAusgewählte neuere Forschungen und Dokumentationen mit einem Schwerpunkt auf dem Mittleren Donauraum /$fMichael Prosser-Schell, Gárbor Barna, Dániel Bárth, János Bednárik, Juliane Brandt, András Grósz, Ilona Juhász, Torsten Müller, Michael Prosser-Schell, Anikó Szilágyi-Kósa, Dominik Wunderlin 205 $a1st ed. 210 $aMünster$cWaxmann$d2016 215 $a1 online resource (216 p.) 225 0 $aSchriftenreihe des Instituts für Volkskunde der Deutschen des östlichen Europa$v17 311 08$a3-8309-3551-X 330 $aBereits seit Längerem beschäftigt sich ein Zweig der Untersuchungen und Dokumentationen im IVDE Freiburg mit dem Verhältnis von Religion und Migration. Dabei geht es zuvorderst um Praktiken, Handlungen, Verfahren, wie sie sich bei den betroffenen Menschen, bei den sogenannten ?einfachen Leuten?, empirisch beobachten lassen. Religiöse Systeme lieferten und liefern bedeutende, sogar zentrale Elemente jener Kommunikationsweise, mit der Menschen in Migrationssituationen versuchen, ihren Alltag aufrechtzuerhalten, Nöten zu begegnen, Kontroversen auszutragen, Selbstvergewisserung und Selbstbehauptung zu artikulieren. In diesem Band werden zumeist Konflikt- und Selbstvergewisserungsphänomene in Einwanderungsgebieten thematisiert, wo unterschiedliche Glaubensrichtungen, religiöse Herkunftserfahrungen, Konfessionen und Ethnien aufeinandertrafen und aufeinandertreffen. Als Forschungsbereich steht überwiegend der Mittlere Donauraum im Vordergrund. Die im Buch versammelten Texte resultieren einerseits aus einem über wissenschaftliche Kooperationsvereinbarungen beschlossenen Zusammenwirken, andererseits aus forschungsintensiven Arbeits- und Austauschbeziehungen, wie sie durch Gastvorträge, einschlägige Tagungsveranstaltungen oder Studienaufenthalte im IVDE sowie durch Exkursionen entstehen. Mit Beiträgen von Gábor Barna, Dániel Bárth, János Bednárik, Juliane Brandt, András Grósz, Ilona L. Juhász, Torsten W. Müller, Michael Prosser-Schell, Anikó Szilágyi-Kósa und Dominik Wunderlin. 330 1 $aReligion und Migration zu verbinden gelingt in diesem Band durch quellengesättigte und äußerst aufschlussreiche Beiträge, die jene religiöse Praxis in den Blick nehmen, in welcher sich die Konflikt- und Selbstvergewisserungsphänomene der Bevölkerung in den Einwanderungsregionen spiegeln. [...] Besonders lobenswert ist, dass die ungarischen Arbeiten und Arbeitsberichte der Nachwuchswissenschaftlerinnen und -wissenschaftler einbezogen und auch neue Quellenfundus dem deutschsprachigen Publikum vorgestellt wurden. Das sich in den Beiträgen spiegelnde Durchwirken zwischen Strukturen und Praxen kann dabei auch als sehr positiv herausgestellt werden. 606 $aReligion 606 $aMigration 606 $aMigrationshintergrund 606 $areligiöse Systeme 606 $aReligionsausübung 606 $aEinwanderungsgesellschaft 606 $aOsteuropa 606 $aSelbstvergewisserung 606 $aSelbstbehauptung 606 $aWallfahrten 606 $aWallfahrer 606 $aHeimatvertriebene 606 $aMittlerer Donauraum 606 $amultiethnisch 606 $amultikonfessionell 606 $aGlaubensrichtung 606 $areligiöse Herkunft 606 $aKulturelle Kontexte des östlichen Europa 606 $aReligiosität und Spiritualität 615 4$aReligion 615 4$aMigration 615 4$aMigrationshintergrund 615 4$areligiöse Systeme 615 4$aReligionsausübung 615 4$aEinwanderungsgesellschaft 615 4$aOsteuropa 615 4$aSelbstvergewisserung 615 4$aSelbstbehauptung 615 4$aWallfahrten 615 4$aWallfahrer 615 4$aHeimatvertriebene 615 4$aMittlerer Donauraum 615 4$amultiethnisch 615 4$amultikonfessionell 615 4$aGlaubensrichtung 615 4$areligiöse Herkunft 615 4$aKulturelle Kontexte des östlichen Europa 615 4$aReligiosität und Spiritualität 702 $aProsser-Schell$b Michael$4edt 702 $aBarna$b Gárbor$4ctb 702 $aBárth$b Dániel$4ctb 702 $aBednárik$b János$4ctb 702 $aBrandt$b Juliane$4ctb 702 $aGrósz$b András$4ctb 702 $aJuhász$b Ilona$4ctb 702 $aMüller$b Torsten$4ctb 702 $aProsser-Schell$b Michael$4ctb 702 $aSzilágyi-Kósa$b Anikó$4ctb 702 $aWunderlin$b Dominik$4ctb 801 0$bWaxmann 801 1$bWaxmann 906 $aBOOK 912 $a9910157639703321 996 $aPopulare religio?se Kultur, Konflikte und Selbstvergewisserung in multiethnischen und multikonfessionellen Einwanderungsgebieten$92782507 997 $aUNINA